| Tag |
First Indicator |
Second Indicator |
Subfields |
| LEADER |
00000cam a22000007i 4500 |
| 001 |
in00005785196 |
| 005 |
20260615183434.9 |
| 006 |
m o d |
| 007 |
cr cnu---unuuu |
| 008 |
260410s2026 enk ob 001 0 eng d |
| 040 |
|
|
|a TYFRS
|b eng
|e rda
|e pn
|c TYFRS
|d OCLCO
|d UKMGB
|d UKAHL
|
| 015 |
|
|
|a GBC6040584
|2 bnb
|
| 016 |
7 |
|
|a 300706694
|2 Uk
|
| 019 |
|
|
|a 1585501907
|
| 020 |
|
|
|a 9781003518426
|q (electronic bk.)
|
| 020 |
|
|
|a 1003518427
|q (electronic bk.)
|
| 020 |
|
|
|a 9781040527795
|q (electronic bk. : PDF)
|
| 020 |
|
|
|a 1040527795
|q (electronic bk. : PDF)
|
| 020 |
|
|
|a 9781040687024
|q (electronic bk. : EPUB)
|
| 020 |
|
|
|a 1040687024
|q (electronic bk. : EPUB)
|
| 020 |
|
|
|z 9781032854892
|
| 020 |
|
|
|z 1032854898
|
| 020 |
|
|
|z 9781032854908
|
| 020 |
|
|
|z 1032854901
|
| 024 |
7 |
|
|a 10.1201/9781003518426
|2 doi
|
| 024 |
8 |
|
|a CIPO000366304
|
| 035 |
|
|
|a (OCoLC)1584401260
|z (OCoLC)1585501907
|
| 037 |
|
|
|a 9781003518426
|b Taylor & Francis
|
| 050 |
|
4 |
|a TA357.5.D37
|b M63 2026eb
|
| 072 |
|
7 |
|a RN
|2 thema
|
| 072 |
|
7 |
|a RN
|2 bicssc
|
| 072 |
|
7 |
|a TEC010000
|2 bisacsh
|
| 072 |
|
7 |
|a TVB
|2 thema
|
| 072 |
|
7 |
|a PBW
|2 thema
|
| 072 |
|
7 |
|a PHDF
|2 thema
|
| 072 |
|
7 |
|a PHFP
|2 thema
|
| 072 |
|
7 |
|a TVB
|2 bicssc
|
| 072 |
|
7 |
|a PBW
|2 bicssc
|
| 072 |
|
7 |
|a PHDF
|2 bicssc
|
| 072 |
|
7 |
|a PHFP
|2 bicssc
|
| 072 |
|
7 |
|a SCI085000
|2 bisacsh
|
| 072 |
|
7 |
|a TEC000000
|2 bisacsh
|
| 072 |
|
7 |
|a TEC009020
|2 bisacsh
|
| 082 |
0 |
4 |
|a 628
|2 23
|
| 049 |
|
|
|a TXAM
|
| 245 |
0 |
0 |
|a Modelling and optimisation of fluid-particle processes in environmental engineering /
|c edited by Benjamin Oyegbile.
|
| 250 |
|
|
|a First edition.
|
| 264 |
|
1 |
|a Abingdon, Oxon ;
|a Boca Raton, FL :
|b CRC Press,
|c 2026.
|
| 300 |
|
|
|a 1 online resource.
|
| 334 |
|
|
|a single unit
|b mono
|0 http://id.loc.gov/vocabulary/issuance/mono
|
| 336 |
|
|
|a text
|b txt
|2 rdacontent
|
| 337 |
|
|
|a computer
|b c
|2 rdamedia
|
| 338 |
|
|
|a online resource
|b cr
|2 rdacarrier
|
| 353 |
|
|
|a bibliography
|b bibliography
|0 http://id.loc.gov/vocabulary/msupplcont/bibliography
|
| 353 |
|
|
|a index
|b index
|0 http://id.loc.gov/vocabulary/msupplcont/index
|
| 504 |
|
|
|a Includes bibliographical references and index.
|
| 505 |
0 |
|
|a The role of hydrodynamics and interparticle forces in the agglomeration of fine particles / Benjamin Oyegbile -- The role of fluid dynamics and fluid-particle interaction on fouling in membrane-based separation systems / Suzanne Yala -- Micro processes at solid-liquid interface in fluid-particle systems / Benjamin Oyegbile -- Numerical modelling and physicochemical characterisation of fluid-particle systems / Benjamin Oyegbile -- Numerical simulation and design optimisation of hydrodynamics and mixing process in a stirred tank reactor (STR) / Benjamin Oyegbile -- Numerical Modelling of the hydrodynamics and fluid-particle interactions in a rotatory vortex pelleting (RVP) reactor / Benjamin Oyegbile -- Numerical simulation of convective mixing and heat transfer in a pilot-scale hydrothermal carbonisation (HTC) reactor / Benjamin Oyegbile -- Mathematical modelling of the effects compression of fouling layers as a predictive tool in membrane bioreactor systems / Suzanne Yala.
|
| 520 |
|
|
|a "This comprehensive book explores fluid-particle interaction processes in environmental engineering, combining theoretical foundations with advanced numerical simulation techniques. Covering eight key areas from particle agglomeration to membrane fouling, the work integrates fundamental physics with practical computational tools to address critical challenges in environmental systems and reactor design. It provides a detailed overview of hydrodynamic modelling, interparticle forces, and membrane separation dynamics, alongside practical numerical simulation approaches for real-world applications. It also delivers essential insights into solid-liquid interface processes, mathematical modelling for fouling prediction, and design optimization strategies for stirred tank reactors, rotatory vortex pelleting systems, and hydrothermal carbonization reactors. Readers will gain access to proven methodologies that bridge theoretical understanding with practical implementation, offering workflow simplification tools for complex environmental engineering challenges. Ideal for both academic study and professional engineering practice, this essential resource targets graduate students and researchers in environmental and chemical engineering, along with practicing engineers in water treatment, membrane technology, and reactor design"-- Provided by publisher.
|
| 588 |
0 |
|
|a Print version record.
|
| 650 |
|
0 |
|a Computational fluid dynamics.
|
| 650 |
|
0 |
|a Fluid mechanics
|x Mathematical models.
|
| 650 |
|
0 |
|a Environmental engineering
|x Mathematical models.
|
| 650 |
|
6 |
|a Dynamique des fluides numérique.
|
| 650 |
|
6 |
|a Mécanique des fluides
|x Modèles mathématiques.
|
| 650 |
|
6 |
|a Technique de l'environnement
|x Modèles mathématiques.
|
| 650 |
|
7 |
|a environmental engineering.
|2 aat
|
| 650 |
|
7 |
|a Environmental engineering
|x Mathematical models
|2 fast
|
| 650 |
|
7 |
|a Environmental engineering
|2 fast
|
| 655 |
|
7 |
|a Electronic books.
|2 local
|
| 700 |
1 |
|
|a Oyegbile, Benjamin A.
|e editor
|0 http://id.loc.gov/authorities/names/n2016038574
|1 http://id.loc.gov/rwo/agents/n2016038574.
|
| 710 |
2 |
|
|a Taylor & Francis.
|
| 758 |
|
|
|1 http://id.loc.gov/resources/instances/in00024523839
|
| 758 |
|
|
|4 http://id.loc.gov/ontologies/bibframe/instanceOf
|1 http://id.loc.gov/resources/works/in00024523839
|
| 776 |
0 |
8 |
|i Print version:
|t Modelling and optimisation of fluid-particle processes in environmental engineering.
|b First edition.
|d Abingdon, Oxon ; Boca Raton, FL : CRC Press, 2026
|z 9781032854892
|w (DLC) 2025052641
|w (OCoLC)1584034148
|
| 776 |
0 |
8 |
|i Print version :
|z 9781032854892
|
| 856 |
4 |
0 |
|u http://proxy.library.tamu.edu/login?url=https://www.taylorfrancis.com/books/9781003518426
|z Connect to the full text of this electronic book
|t 0
|
| 884 |
|
|
|a DLC bibframe2marc v3.1-dev
|g 20260408
|q DLC
|u https://github.com/lcnetdev/bibframe2marc/tree/v3.1-dev
|
| 955 |
|
|
|a Taylor and Francis ENGnetBASE
|
| 994 |
|
|
|a 92
|b TXA
|
| 999 |
f |
f |
|i cfcbe9a5-a347-4fbd-aaee-ffc3b75b6600
|s db3f3340-b925-41f7-ad1d-0ab532d7dbd2
|t 0
|
| 952 |
f |
f |
|a Texas A&M University
|b College Station
|c Electronic Resources
|s www_evans
|d Available Online
|t 0
|e TA357.5.D37 M63 2026eb
|h Library of Congress classification
|
| 998 |
f |
f |
|a TA357.5.D37 M63 2026eb
|t 0
|l Available Online
|